| 000 | 01412nam a2200361 a 4500 | ||
|---|---|---|---|
| 001 | ebr10671405 | ||
| 003 | CaPaEBR | ||
| 006 | m u | ||
| 007 | cr cn||||||||| | ||
| 008 | 081204s2009 nyua sb 001 0 eng d | ||
| 010 | _z 2008051332 | ||
| 020 | _z9781606927052 (hardcover) | ||
| 020 | _z1606927051 (hardcover) | ||
| 020 | _z9781614701828 (e-book) | ||
| 040 |
_aCaPaEBR _cCaPaEBR |
||
| 035 | _a(OCoLC)846943428 | ||
| 050 | 1 | 4 |
_aGB980 _b.W66 2009eb |
| 082 | 0 | 4 |
_a627/.042 _222 |
| 100 | 1 | _aWong, Tommy S. W. | |
| 245 | 1 | 0 |
_aKinematic-wave rainfall-runoff formulas _h[electronic resource] / _cTommy S.W. Wong. |
| 260 |
_aNew York : _bNova Science Publishers, _cc2009. |
||
| 300 |
_axv, 248 p. : _bill. |
||
| 490 | 1 | _aHydrological science and engineering series | |
| 504 | _aIncludes bibliographical references and index. | ||
| 533 |
_aElectronic reproduction. _bPalo Alto, Calif. : _cebrary, _d2013. _nAvailable via World Wide Web. _nAccess may be limited to ebrary affiliated libraries. |
||
| 650 | 0 |
_aRunoff _xMathematical models. |
|
| 650 | 0 |
_aRain and rainfall _xMathematical models. |
|
| 650 | 0 | _aHydrologic models. | |
| 655 | 7 |
_aElectronic books. _2local |
|
| 710 | 2 | _aebrary, Inc. | |
| 830 | 0 | _aHydrological science and engineering series. | |
| 856 | 4 | 0 |
_uhttp://site.ebrary.com/lib/rucke/Doc?id=10671405 _zAn electronic book accessible through the World Wide Web; click to view |
| 999 |
_c176240 _d176240 |
||